Impactos y revuelo por el "paquetazo rojo" /
Uloženo v:
| Hlavní autor: | |
|---|---|
| Médium: | Text |
| Témata: | |
| Tagy: |
Přidat tag
Žádné tagy, Buďte první, kdo vytvoří štítek k tomuto záznamu!
|
MARC
| LEADER | 00000 a a2200000 04500 | ||
|---|---|---|---|
| 001 | 7082 | ||
| 003 | |||
| 040 | |||
| 100 | |a Posas Amador, Mario | ||
| 245 | |a Impactos y revuelo por el "paquetazo rojo" / |c Mario Posas Amador | ||
| 650 | |a REFORMAS TRIBUTARIAS | ||
| 650 | |a DEUDA | ||
| 650 | |a PRESUPUESTO | ||
| 650 | |a SINDICATOS | ||
| 650 | |a EMPRESARIOS | ||
| 650 | |a POLITICA | ||
| 650 | |a ECONOMIA | ||
| 650 | |a PARLAMENTO | ||
| 773 | |g volumen 13, número 153; páginas 39-43 | ||
| 999 | |c 30319 |d 30319 | ||
